Vật lý học đại cương T.2 : Điện học và quang học T.2

সংরক্ষণ করুন:
গ্রন্থ-পঞ্জীর বিবরন
প্রধান লেখক: Nguyễn Viết Kính
বিন্যাস: গ্রন্থ
প্রকাশিত: Đại học quốc gia Hà Nội 1999
ট্যাগগুলো: ট্যাগ যুক্ত করুন
কোনো ট্যাগ নেই, প্রথমজন হিসাবে ট্যাগ করুন!
Thư viện lưu trữ: Mạng thư viện Đại học Đà Nẵng
LEADER 00654nam a2200229 a 4500
001 000029937
003 10823
005 20171030145630.0
008 171030s1999
020 |c 22500 
040 |a LTT 
082 0 |a 535  |b NG-K 
100 1 |a Nguyễn Viết Kính 
245 0 0 |a Vật lý học đại cương T.2 : Điện học và quang học  |c Nguyễn Viết Kính, Bạch Thành Công, Phan Văn Thích.  |n T.2 
260 |b Đại học quốc gia Hà Nội  |c 1999 
OWN |a LTT 
999 |a From the UDN01 
TYP |a Monograph 
TYP |a Printed language 
980 |a Mạng thư viện Đại học Đà Nẵng